000 01154nam a22002537a 4500
003 KOHA_MİRAKIL
005 20260416101422.0
008 260416b tu ||||| |||| 00| 0 tur d
020 _a9786057118790
040 _aTR-AnABB
_btur
_cTR-AnABB
041 _atur
082 _a305.892 705 613
_bPEN 2022
100 1 _aPenbecioğlu, Sezen Savran
245 1 0 _aKüçük Halep büyük umutlar :
_bAnkara Altındağ'da Suriyelilerin gündelik yaşamı ve mekanı /
_cSezen Savran Penbecioğlu
246 _aAnkara Altındağ'da Suriyelilerin gündelik yaşamı ve mekanı
250 _a1. baskı
260 _aAnkara :
_bİdealkent Yayınları,
_c2022
300 _a228 sayfa ;
_c20 cm
500 _a2020 İlhan Tekeli Doktora tez ödülü
505 _aİçindekiler: Araştırma yaklaşımı: İkilikler arasındaki eşiklerde durmak - Dünyada ve Türkiye'de göç, mültecilik - Göç, kentsel mekan ve planlama ilişkisi - Gündelik yaşam pratikleri ve mekansal boyutları -Araştırma yöntemi - Araştırma bulguları
650 0 4 _aGöç ve yerleşim, Ankara, Türkiye
900 _bCan ÇELIK
942 _2ddc
_cBK
999 _c10287
_d10287